000 01169cam a22001934a 4500
005 20250605164330.0
008 250528s ||||||||||||||||||||||||d
035 _a23180
020 _a9783319707204
040 _aGR-AtMCL
_bgre
_dGR-AtMCL
_eAACR2
245 1 _aHybrid Energy Systems
260 _bSpringer,
_c2018
300 _a296
520 _aThis book discusses innovations in the field of hybrid energy storage systems (HESS) and covers the durability, practicability, cost-effectiveness, and utility of a HESS. Hybrid Renewable Energy Systems, Cryogenic Technologies, Reliable Renewables with Cryogenic Energy Storage, Types of Renewable Energy, Hydrogen Energy Technology and Renewable Source of Energy, Energy Storage for Peak Power and Increased Revenue, Fission Nuclear Power Plants for Renewable Energy Source, Energy Storage Technologies and Their Role in Renewable Integration, Appendices, Global Energy Interconnection, Grid Integration of Large Capacity, Energy Storage for Power Grids and Electric Transportation, Coping with the Energy Challenge, Index.
700 1 _aZohuri Bahman
_98760
942 _cBK
999 _c8210
_d8210